000 00399nam a2200169Ia 4500
008 230711s9999||||xx |||||||||||||| ||und||
020 _a978-0-19-568785-9
041 _aENG
082 _a900
_bSH-I
100 _aSharma,R.S
245 0 _aIndia's Ancient Past
250 _a1st Ed.
260 _c2005
_aNew Delhi
_bOxford University Press
300 _a387p.
650 _aLiterature
942 _cBK
999 _c6534
_d6534